[Event "Reunion op"]
[Site "Reunion"]
[Date "2005.11.13"]
[Round "6"]
[White "Chinasamy, Devarajen"]
[Black "Blard, Laurent"]
[Result "1-0"]
[WhiteElo "2193"]
[BlackElo "1600"]
[PlyCount "93"]
[EventDate "2005.11.11"]
[EventType "swiss"]
[EventRounds "9"]
[EventCountry "RUF"]
[SourceTitle "EXT 2008"]
[Source "ChessBase"]
[SourceDate "2007.11.25"]
[SourceVersion "1"]
[SourceVersionDate "2007.11.25"]
[SourceQuality "1"]

1. e4 e5 2. Nf3 Nf6 3. Nxe5 d6 4. Nf3 Nxe4 5. Nc3 Nxc3 6. dxc3 Be7 7. Be3 Nd7 8. Bc4 Nf6 9. h3 h6 10. Qd3 d5 11. Bb3 0-0 12. 0-0-0 c6 13. g4 Ne4 14. c4 Bc5 15. cxd5 Nxf2 16. Bxf2 Bxf2 17. Kb1 cxd5 18. Bxd5 Be6 19. Qb3 Bxd5 20. Rxd5 Qc7 21. g5 hxg5 22. Nxg5 Bh4 23. Rf1 Qg3 24. Qxg3 Bxg3 25. Rd7 f6 26. Ne4 Be5 27. Rxb7 Rfb8 28. Rxb8+ Rxb8 29. b3 Rb4 30. c4 Rb7 31. Nc5 Rf7 32. Kc2 g5 33. Nd3 Bd4 34. Rf5 Kg7 35. Rd5 Bb6 36. c5 Bc7 37. Ne1 Kg6 38. c6 Rh7 39. Rd3 f5 40. Nf3 Rxh3 41. Ne5+ Bxe5 42. Rxh3 g4 43. Rh1 g3 44. Kd3 f4 45. Ke4 Bc7 46. Kf3 Kg7 47. Rd1 1-0

[Event "Sainte Marie op"]
[Site "Sainte Marie"]
[Date "2005.10.19"]
[Round "5"]
[White "Blard, Laurent"]
[Black "Ribotte, Yannick"]
[Result "1-0"]
[WhiteElo "1600"]
[BlackElo "1540"]
[PlyCount "35"]
[EventDate "2005.10.15"]
[EventType "swiss"]
[EventRounds "9"]
[EventCountry "FRA"]
[SourceTitle "EXT 2006"]
[Source "ChessBase"]
[SourceDate "2005.11.24"]
[SourceVersion "1"]
[SourceVersionDate "2005.11.24"]
[SourceQuality "1"]

1. e4 c5 2. Nf3 d6 3. d4 cxd4 4. Nxd4 Nf6 5. Nc3 e5 6. Nb3 Nc6 7. Bg5 Be7 8. Bxf6 gxf6 9. Bc4 a6 10. Qh5 0-0 11. 0-0-0 b5 12. Bd5 Qc7 13. Bxc6 Qxc6 14. Nd5 Bd8 15. Rd3 Be6 16. Rg3+ Kh8 17. Qh6 Be7 18. Qg7# 1-0